The Impact of Product Knowledge Factors on Satisfaction and Sustainable Consumption

Vplyv faktorov produktovej znalosti (PK) na spokojnosť zákazníkov a na udržateľnosť spotreby na základe výsledkov štatistického zisťovania. Najdôležitejšie determinanty ovplyvňujúce spokojnosť spotrebiteľov. Spotrebiteľské postoje a správanie.

Salvato in:
Dettagli Bibliografici
Autore principale: Hrušovská, Dana, 1964-
Natura: Capitolo di libro
Lingua:inglese
Soggetti:
Tags: Aggiungi Tag
Nessun Tag, puoi essere il primo ad aggiungerne!!

MARC

LEADER 00000naa a2200000 4500
001 0286814
005 20240502074418.3
041 0 |a eng 
044 |a SK 
245 1 0 |a The Impact of Product Knowledge Factors on Satisfaction and Sustainable Consumption  |c Dana Hrušovská 
520 |a Vplyv faktorov produktovej znalosti (PK) na spokojnosť zákazníkov a na udržateľnosť spotreby na základe výsledkov štatistického zisťovania. Najdôležitejšie determinanty ovplyvňujúce spokojnosť spotrebiteľov. Spotrebiteľské postoje a správanie. 
610 2 0 |a spotreba udržateľná 
610 2 0 |a spokojnosť zákazníkov 
610 2 0 |a spotrebitelia 
100 1 |a Hrušovská, Dana, 1964-